[Event "Zonal 2.3 Absoluto 2022"]
[Site "San Pedro de Macoris"]
[Date "2022.03.25"]
[Round "9.4"]
[White "Duran Vega, Sergio"]
[Black "Valdes Romero, Leonardo"]
[Result "1/2-1/2"]
[WhiteElo "2370"]
[BlackElo "2404"]
[Annotator "TA"]
[PlyCount "55"]
[EventDate "2022.03.20"]
[EventCountry "DOM"]
[SourceTitle "playchess.com"]
[Source "ChessBase"]
[SourceQuality "1"]

{[%evp 25,32,23,15,29,16,16,38,24,16]} 1. e4 {Huzman,A} e5 2. Nf3 Nf6 3. Nxe5 d6 4. Nf3 Nxe4 5. d4 d5 6. Bd3 Nc6 7. O-O Be7 8. c4 Nb4 9. Be2 O-O 10. Nc3 Bf5 11. a3 Nxc3 12. bxc3 Nc6 13. Re1 Re8 14. cxd5 {14.cxd5 was played by the boomers. C42: Petroff Defence: 3 Nxe5 and unusual White 3rd moves.} Qxd5 15. Bf4 Bd6 {[#]} 16. c4 $1 Qe4 {[#] A balanced but interesting game.  Weighted Error Value: White=0.00 (flawless) /Black=0.10 (very precise)} {Predecessor:} 17. Be3 $146 Rad8 18. Ra2 Bg6 19. Qc1 Na5 20. c5 Be7 21. Bb5 Qd5 22. Rae2 c6 23. Bg5 cxb5 24. Bxe7 Rc8 25. Re5 Qd7 26. Bd6 f6 27. Rxe8+ Rxe8 28. Rxe8+ {½-½ (28) Kasparov,G (2838)-Karpov,A (2688) New York 2002 CBM 093 [Huzman,A]} 1/2-1/2